000 00398nam a22001697a 4500
005 20260413171337.0
008 160613b xxu||||| |||| 00| 0 eng d
020 _a978-0140-2458-8
041 _aeng
082 _a305.8
100 _aHazarika, Sanjoy
_91774
245 _aStrangers of the Mist
260 _bPenguin Classic
_c1994
300 _a380
650 _asocial group
_99009
942 _cBK
999 _c2494
_d2493